Eye of the storm / (Record no. 29388)

000 -LEADER
fixed length control field 00743cam a22002417a 4500
001 - CONTROL NUMBER
control field 16662575
005 - DATE AND TIME OF LATEST TRANSACTION
control field 20171205124747.0
008 - FIXED-LENGTH DATA ELEMENTS--GENERAL INFORMATION
fixed length control field 110223s2010 ke 000 f eng
010 ## - LIBRARY OF CONGRESS CONTROL NUMBER
LC control number 2011342330
020 ## - INTERNATIONAL STANDARD BOOK NUMBER
International Standard Book Number 9789966256300
020 ## - INTERNATIONAL STANDARD BOOK NUMBER
Canceled/invalid ISBN 978996625630X
040 ## - CATALOGING SOURCE
Original cataloging agency DLC
Transcribing agency DLC
042 ## - AUTHENTICATION CODE
Authentication code lcode
050 ## - LIBRARY OF CONGRESS CALL NUMBER
Classification number PZ 4 .D39 2010
100 1# - MAIN ENTRY--PERSONAL NAME
Personal name Dawood, Yusuf K.
Fuller form of name (Yusuf Kodwavwala)
245 10 - TITLE STATEMENT
Title Eye of the storm /
Statement of responsibility, etc. Yusuf K. Dawood.
260 ## - PUBLICATION, DISTRIBUTION, ETC. (IMPRINT)
Place of publication, distribution, etc. Nairobi :
Name of publisher, distributor, etc. East African Educational Publishers,
Date of publication, distribution, etc. 2010.
300 ## - PHYSICAL DESCRIPTION
Extent v, 394 p. ;
Dimensions 21 cm.
490 0# - SERIES STATEMENT
Series statement Peak library ;
Volume/sequential designation 62
906 ## - LOCAL DATA ELEMENT F, LDF (RLIN)
a 7
b cbc
c origode
d 4
e ncip
f 20
g y-gencatlg
942 ## - ADDED ENTRY ELEMENTS (KOHA)
Source of classification or shelving scheme
Koha item type Africana (Books)
Classification part PZ 4 .D39 2010
Holdings
Withdrawn status Lost status Source of classification or shelving scheme Damaged status Not for loan Home library Current library Shelving location Date acquired Source of acquisition Cost, normal purchase price Total Checkouts Full call number Barcode Date last seen Price effective from Koha item type
          MACHAKOS UNIVERSITY LIBRARY MACHAKOS UNIVERSITY LIBRARY Africana 05/12/2017 PURCHASE (TEXTBOOK) 812.00   PZ 4 .D39 2010 37773 27/10/2021 05/12/2017 Africana (Books)
          MACHAKOS UNIVERSITY LIBRARY MACHAKOS UNIVERSITY LIBRARY Africana 05/12/2017 PURCHASE (TEXTBOOK) 812.00   PZ 4 .D39 2010 37771 31/05/2019 05/12/2017 Africana (Books)
          MACHAKOS UNIVERSITY LIBRARY MACHAKOS UNIVERSITY LIBRARY Africana 05/12/2017 PURCHASE (TEXTBOOK) 812.00   PZ 4 .D39 2010 37772 31/05/2019 05/12/2017 Africana (Books)
© Machakos University Library, Along The Highway, Machakos Wote Rd, Machakos, Kenya P.O. Box 136 - 90100 Machakos - Kenya

Tel: ( +254 ) 723 805829 OR Fax : 044-20353 OR Email: library@mksu.ac.ke